000 00714cam a22001691 4500
082 _a519.4024624
_bNUM
_cL-3,P-24
100 _aGRINTER, L.E
_939474
245 0 0 _aNumerical methods of analysis in engineering (successive corrections)
_c[by] Hardy Cross [and others] A publication resulting from a symposium held at Illinois Institute of Technology, Chicago, Illinois. Arr. and ed. by L. E. Grinter.
260 _aNew York,
_bMacmillan Co.,
_c1949.
300 _axvi, 207 p.
_bdiagrs.
_c25 cm.
500 _aOn cover: In honor of Hardy Cross.
526 _a0
_b0
_c0
_d519_402462400000000_NUM
650 0 _aMCE
_9379
650 0 _aMechanics, Applied.
_913090
700 1 _aGrinter, Linton E.
_935973
942 _2ddc
_cBK
999 _c543961
_d543961